| 000 | 00413nam a2200157Ia 4500 | ||
|---|---|---|---|
| 008 | 210210b2006 xxu||||| |||| 00| 0 eng d | ||
| 020 | _a81 8205 376 5 | ||
| 082 | _a660.6 SHAI | ||
| 100 | _aSHASTRI (Varun). Ed. | ||
| 245 | _aIndustrial biotechnology. | ||
| 260 |
_aDelhi _bIsha Books _c2006 |
||
| 300 | _avi,292 | ||
| 650 | _aIndustrial Biotechnology | ||
| 690 | _aIndustrial Biotechnology | ||
| 906 | _a061526 | ||
| 999 |
_c108178 _d108178 |
||